|
|
|
|
| LEADER |
01948cas a2200265 a 4500 |
| 001 |
AALejournalIMF018321 |
| 008 |
230101c9999 xx r poo 0 0eng d |
| 020 |
|
|
|c 5.00 USD
|
| 020 |
|
|
|z 9781484345450
|
| 022 |
|
|
|a 1018-5941
|
| 040 |
|
|
|a BD-DhAAL
|c BD-DhAAL
|
| 100 |
1 |
|
|a Gruss, Bertrand.
|
| 245 |
1 |
0 |
|a Growth Accelerations and Reversals in Emerging Market and Developing Economies :
|b The Role of External Conditions /
|c Bertrand Gruss, Malhar Nabar, Marcos Poplawski Ribeiro.
|
| 264 |
|
1 |
|a Washington, D.C. :
|b International Monetary Fund,
|c 2018.
|
| 300 |
|
|
|a 1 online resource (39 pages)
|
| 490 |
1 |
|
|a IMF Working Papers
|
| 500 |
|
|
|a <strong>Off-Campus Access:</strong> No User ID or Password Required
|
| 500 |
|
|
|a <strong>On-Campus Access:</strong> No User ID or Password Required
|
| 506 |
|
|
|a Electronic access restricted to authorized BRAC University faculty, staff and students
|
| 520 |
3 |
|
|a This paper investigates how country-specific external demand, external financial conditions, and terms of trade affect medium-term growth in Emerging Market and Developing Economies and the occurrence of growth accelerations and reversals. The importance of country-specific external conditions for medium-term growth has increased over time-in particular, the growing contribution of external financial conditions accounts for one-third of the increase in average income per capita growth between 1995-2004 and 2005-14. Stronger external demand and financial conditions significantly increase the probability of growth accelerations, while a strengthening of any of the three conditions significantly decreases the probability of reversals.
|
| 538 |
|
|
|a Mode of access: Internet
|
| 700 |
1 |
|
|a Nabar, Malhar.
|
| 700 |
1 |
|
|a Poplawski Ribeiro, Marcos.
|
| 830 |
|
0 |
|a IMF Working Papers; Working Paper ;
|v No. 2018/052
|
| 856 |
4 |
0 |
|z Full text available on IMF
|u http://elibrary.imf.org/view/journals/001/2018/052/001.2018.issue-052-en.xml
|z IMF e-Library
|